000 00442nam a2200181Ia 4500
001 10920
005 20260306161907.0
008 260306t2006||||xx |||||||||||||| ||spa||
041 _aESP
082 _a982
_bO626
100 _aO'Donnell, Pacho
_eAUT
245 0 _aHistorias argentinas:
_bde la conquista al proceso
260 _c2006
300 _a343 páginas :
_c23 cm.
650 _aGEN
654 _aCHU
942 _cLIB
_dJUS
_fJUS
_2ddc
_n
999 _c10920
_d10920